000 00695nam a2200253Ia 4500
003 OSt
005 20221006143739.0
006 a|||||r|||| 00| 0
007 ta
008 221006b |||||||| |||| 00| 0 eng d
020 _c150.00
024 _a9,836
037 _cTextual
040 _aEASL
_cEASL
_beng
041 _2eng
_aeng
082 _aX8(CPB3):275.44.N79, M3
100 _aHART David
245 0 _aNuclear power in India
_b A comparative analysis
260 _aNew Delhi
_bSelectbook Service Syndicate
_c1983
300 _a159p.
_ccm.
490 _v Oth
942 _hX8(CPB3):275.44.N79, M3
_cTEXL
_2CC
999 _c1077922
_d1077922